Central Library OPAC University of Rajshahi

A reader's guide to William Butler Yeats / (Record no. 77309)

MARC details
000 -LEADER
fixed length control field 00961cam a22002771 4500
001 - CONTROL NUMBER
control field 77309
003 - CONTROL NUMBER IDENTIFIER
rucl marc code BD-RjUL
005 - DATE AND TIME OF LATEST TRANSACTION
control field 20211209082945.0
008 - FIXED-LENGTH DATA ELEMENTS--GENERAL INFORMATION
fixed length control field 720107r19591967nyua b 000 0 eng
035 ## - SYSTEM CONTROL NUMBER
System control number (BD-RjUL)
040 ## - CATALOGING SOURCE
Original cataloging agency DLC
Transcribing agency DLC
Modifying agency DLC
Language of cataloging eng
041 ## - LANGUAGE CODE
Language code of text/sound track or separate title eng
082 00 - DEWEY DECIMAL CLASSIFICATION NUMBER
Classification number 821.912
Author mark and year YER 1959
100 1# - MAIN ENTRY--PERSONAL NAME
Personal name Unterecker, John Eugene,
Dates associated with a name 1922-
9 (RLIN) 55766
245 12 - TITLE STATEMENT
Title A reader's guide to William Butler Yeats /
Statement of responsibility, etc. John Unterecker
260 ## - PUBLICATION, DISTRIBUTION, ETC. (IMPRINT)
Place of publication, distribution, etc. New York :
Name of publisher, distributor, etc. Noonday Press ,
Date of publication, distribution, etc. [1959]1967
300 ## - PHYSICAL DESCRIPTION
Pagination 310 p.:
Illustrations illus.;
Size 22 cm.
504 ## - BIBLIOGRAPHY, ETC. NOTE
Bibliography, etc Includes bibliography.
600 10 - SUBJECT ADDED ENTRY--PERSONAL NAME
Personal name Yeats, W. B.
Fuller form of name (William Butler),
Dates associated with a name 1865-1939
General subdivision Criticism and interpretation
Personal name Yeats, W. B.
Fuller form of name (William Butler),
Dates associated with a name 1865-1939
General subdivision Examinations
-- Study guides.
651 #0 - SUBJECT ADDED ENTRY--GEOGRAPHIC NAME
Geographic name Ireland
General subdivision In literature
Form subdivision Handbooks, manuals, etc.
9 (RLIN) 240815
906 ## - LOCAL DATA ELEMENT F, LDF (RLIN)
a 7
b cbc
c orignew
d u
e ocip
f 19
g y-gencatlg
942 ## - ADDED ENTRY ELEMENTS (KOHA)
Source of classification or shelving scheme Dewey Decimal Classification
Koha item type Books
Holdings
Lost status Source of classification or shelving scheme Damaged status Not for loan Collection code Permanent Location Current Location Shelving location Date acquired Total Checkouts Full call number Date last seen Copy number Koha item type
  Dewey Decimal Classification     Non-fiction Central Library, University of Rajshahi Central Library, University of Rajshahi   12/03/2020   821.912 YER 1967 12/03/2020 C-2 Books